=LDR 00000nam 2200000 4500 =001 INLIS000000000015285 =005 20130612110551 =008 ***********************************Ind** =035 ##$$0010-061300000015285 =041 ##$$a Ind =082 ##$$a 636 =090 ##$$a 636, Tur-s =100 ##$$a Turut, Rusli =245 ##$$a Sukses Melatih Cuckrawa Berkicau, Rusli Turut =260 ##$$a 1998 $b Jakarta =300 ##$$a 66 hlm, Ilus, 21 cm =650 ##$$a Burung-Nyanyian =850 ##$$a NBPNMAT